'B'-Bonding Blitz Quiz Stats

 Plays Quiz Updated Dec 11, 2015

Challenge
Share
Tweet
Score 0/12 Timer 03:00
0 Plays Today
% Correct
Bye
93%
Bibbidi
92.2%
Blah
91.4%
Boston
85.7%
Bit
83.1%
Better
78%
Black
70.7%
Beach
69.9%
Bob's
52.6%
Blood
48.6%
Butterfield
47.2%
Bobby
30.3%

You're not logged in!

Compare scores with friends on all Sporcle quizzes.
Join for Free
OR
Log In

You Might Also Like...

Show Comments

Extras

Top Quizzes Today


Score Distribution

Your Account Isn't Verified!

In order to create a playlist on Sporcle, you need to verify the email address you used during registration. Go to your Sporcle Settings to finish the process.

Report this User

Report this user for behavior that violates our Community Guidelines.

Details: